Southville International School and Colleges
Your cart is empty.
  • Cart
  • Lists
    Public lists Eva Luna New books Lux_list list_1
    Your lists Log in to create your own lists
  • Log in to your account
  • Your cookies
  • Search history
Southville International School and Colleges
  • Advanced search
  • Recent comments
  • Most popular
  • Libraries

Log in to your account

Log in with GOOGLE


If you do not have an external account, but do have a local account, you can still log in:

  1. Home
  2. MARC view: Just enough Chinese.
Normal view MARC view ISBD view

Just enough Chinese. (Record no. 39415)

[ view plain ]
MARC details
000 -LEADER
fixed length control field 00543nam a2200193 a 4500
005 - DATE AND TIME OF LATEST TRANSACTION
control field 20140311163015.0
008 - FIXED-LENGTH DATA ELEMENTS--GENERAL INFORMATION
fixed length control field 070330s19uu xx 00 eng d
020 ## - INTERNATIONAL STANDARD BOOK NUMBER
International Standard Book Number 0-8442-9616-7
050 ## - LIBRARY OF CONGRESS CALL NUMBER
Classification number PL 1125.E6
Item number .J87 1998
245 ## - TITLE STATEMENT
Title Just enough Chinese.
Statement of responsibility, etc D.L. Ellis.
260 ## - PUBLICATION, DISTRIBUTION, ETC. (IMPRINT)
Place of publication, distribution, etc U.S.A :
Name of publisher, distributor, etc Passport Books,
Date of publication, distribution, etc 1998.
300 ## - PHYSICAL DESCRIPTION
Extent 159 p. :
Dimensions 17 cm.
650 ## - SUBJECT ADDED ENTRY--TOPICAL TERM
Topical term or geographic name as entry element Chinese language
General subdivision Conversation and phrasebooks
-- English.
700 ## - ADDED ENTRY--PERSONAL NAME
Personal name McKillop, Beth
700 ## - ADDED ENTRY--PERSONAL NAME
Personal name Jin, Guo
700 ## - ADDED ENTRY--PERSONAL NAME
Personal name Hong, Jin
942 ## - ADDED ENTRY ELEMENTS (KOHA)
Koha item type Books
Source of classification or shelving scheme Library of Congress Classification
Call number prefix Foreign
Holdings
Withdrawn status Lost status Source of classification or shelving scheme Damaged status Home library Current library Shelving location Date acquired Total Checkouts Full call number Barcode Date last seen Date checked out Copy number Price effective from Koha item type
    Library of Congress Classification   College Library College Library General Circulation Section 03/30/2007 1 PL 1125.E6 .J87 1998 C7939 05/15/2018 07/27/2015 1 02/19/2014 Books

Just enough Chinese.

APA

McKillop B., Jin G. & Hong J. (1998). Just enough Chinese. U.S.A: Passport Books.

Chicago

McKillop Beth, Jin Guo and Hong Jin. 1998. Just enough Chinese. U.S.A: Passport Books.

Harvard

McKillop B., Jin G. and Hong J. (1998). Just enough Chinese. U.S.A: Passport Books.

MLA

McKillop Beth, Jin Guo and Hong Jin. Just enough Chinese. U.S.A: Passport Books. 1998.

  • Place hold
  • Print
  • Cite
  • Add to your cart (remove)
  • Save record
    BIBTEX Dublin Core MARCXML MARC (non-Unicode/MARC-8) MARC (Unicode/UTF-8) MARC (Unicode/UTF-8, Standard) MODS (XML) RIS
  • More searches
    Search for this title in:
    Other Libraries (WorldCat) Other Databases (Google Scholar) Online Stores (Bookfinder.com) Open Library (openlibrary.org)

Exporting to Dublin Core...

SOUTHVILLE LIBRARY

Southville International School and Colleges Library

1281 Tropical Ave. Cor. Luxembourg St., BF Homes International, Las Pinas City

Tel. No. 8256374 / 252358 Loc. 117/146

Powered by Koha